000 00207 a2200097 4500
001 6078
100 _aSeimer, S J
245 _aCases in Industrial Management.
260 _a
_bIrwin
_c
090 _c4976
_d4976
942 _aNUST-CAE
_cM
_c31351
999 _c241151
_d241151